000
00455nam a2200181Ia 4500
008
090124s9999 xx 000 0 und d
082
_b
44759
100
_a
माने लक्ष्मण
245
_a
उपरा
250
_a
4
260
_c
1988
300
_a
157
600
_a
माने लक्ष्मण
630
_a
उपरा
700
_a
माने लक्ष्मण
730
_a
उपरा
942
_c
BOOK
999
_c
110968
_d
110968